| 000 | nam a22 a 4500 | ||
|---|---|---|---|
| 999 |
_c4373 _d4373 |
||
| 005 | 20170529113020.0 | ||
| 008 | 170529s2011 -us||||| |||| 00| 0 eng d | ||
| 020 | _a9780821385968 (pbk.) | ||
| 040 | _aAKMAL | ||
| 082 | _a363.285 BOR | ||
| 090 |
_a363.285 _bBOR |
||
| 245 | 0 | 0 |
_aBorder management modernization / _cBorder management modernization / |
| 260 |
_aWashington, D.C. : _bWorld Bank, _cc2011. |
||
| 300 |
_axii, 381 p. : _bcol. ill. ; _c28 cm |
||
| 504 | _aIncludes bibliographical references and index. | ||
| 650 | 1 | 0 |
_aBorder security. _98526 |
| 650 | 2 | 0 |
_aBoundaries. _98527 |
| 650 | 2 | 0 |
_aNational security. _98336 |
| 700 | 1 |
_aMcLinden, Gerard. _98528 |
|
| 710 | 2 |
_aWorld Bank. _93547 |
|
| 942 |
_2ddc _cBOOK |
||
| 950 | _lAKMAL | ||